000 00474nam a2200157 i 4500
001 64341
003 ES-MaACL
005 20230906165115.0
007 t|
008 031223s1915 fr ||||1| fre d
100 1 _aFoch, Ferdinand (
_d1851-1929)
_951387
245 1 0 _aDe la conduite de la guerre
_b: la manaeuvre por la bataille /
_cF. Foch.
260 _a[Nancy ;
_aParis :
_bBerges Lerrault,
_c1915]
300 _aX, 494 p. :
_bil. ;
_c25 cm.
852 _aES-MaACL
_jF-1737
999 _c64341
_d64341